High frequency power conversion : (Запис № 506498)
[ простий вигляд ]
| 000 -LEADER | |
|---|---|
| fixed length control field | 01244cam a2200265Mu 4500 |
| 001 - CONTROL NUMBER | |
| control field | highfrequencypow1988inte |
| 003 - CONTROL NUMBER IDENTIFIER | |
| control field | CaSfIA |
| 005 - DATE AND TIME OF LATEST TRANSACTION | |
| control field | 20210118100120.0 |
| 007 - PHYSICAL DESCRIPTION FIXED FIELD--GENERAL INFORMATION | |
| fixed length control field | cr|||| |
| 008 - FIXED-LENGTH DATA ELEMENTS--GENERAL INFORMATION | |
| fixed length control field | 890731s1988 xx 100 0 eng d |
| 040 ## - CATALOGING SOURCE | |
| Original cataloging agency | Uk |
| Transcribing agency | BRI |
| Modifying agency | CaSfIA |
| 020 ## - INTERNATIONAL STANDARD BOOK NUMBER | |
| International Standard Book Number | 0931033071 |
| 020 ## - INTERNATIONAL STANDARD BOOK NUMBER | |
| International Standard Book Number | 9780931033070 |
| 035 ## - SYSTEM CONTROL NUMBER | |
| System control number | (OCoLC)78673802 |
| 245 00 - TITLE STATEMENT | |
| Title | High frequency power conversion : |
| Medium | [electronic resource] |
| Remainder of title | 3rd International conference : Papers. |
| 260 ## - PUBLICATION, DISTRIBUTION, ETC. (IMPRINT) | |
| Name of publisher, distributor, etc | Intertec Communications Inc, |
| Date of publication, distribution, etc | 1988. |
| 490 0# - SERIES STATEMENT | |
| Series statement | Technical papers of the international high frequency power conversion conference ; |
| Том/ позначення послідовності | 3rd |
| 506 ## - RESTRICTIONS ON ACCESS NOTE | |
| Standardized terminology for access restriction | Необхідна авторизація на https://archive.org/ (створення облікового запису безкоштовно) |
| 506 ## - RESTRICTIONS ON ACCESS NOTE | |
| Standardized terminology for access restriction | Необхідна авторизація на https://openlibrary.org/ (створення облікового запису безкоштовно) |
| 653 ## - INDEX TERM--UNCONTROLLED | |
| Uncontrolled term | high frequency power conversion |
| 653 ## - INDEX TERM--UNCONTROLLED | |
| Uncontrolled term | HFPC |
| 856 41 - ELECTRONIC LOCATION AND ACCESS | |
| Uniform Resource Identifier | <a href="http://www.archive.org/details/highfrequencypow1988inte">http://www.archive.org/details/highfrequencypow1988inte</a> |
| Public note | Free eBook from the Internet Archive |
| 856 42 - ELECTRONIC LOCATION AND ACCESS | |
| Uniform Resource Identifier | <a href="http://www.openlibrary.org/books/OL24209477M">http://www.openlibrary.org/books/OL24209477M</a> |
| Public note | Additional information and access via Open Library |
| 942 ## - ADDED ENTRY ELEMENTS (KOHA) | |
| Koha item type | ЕКнига |
Немає доступних примірників.